000 00406pab a2200157 454500
008 180718b2000 xxu||||| |||| 00| 0 eng d
100 _aPinto, Marina R.
245 _aMumbai's Mayor-in-Council: a flash in the pan
260 _c2000
300 _ap.41-48
362 _aOct-Dec
650 _aLocal government - India - Maharashtra
650 _aLocal government
773 _aNagarlok
909 _a50235
999 _c50235
_d50235